World Countries - Reverse Alphabetical - Statistics

General Stats
  • This quiz has been taken 61 times
  • The average score is 137 of 196
Answer Stats
Country % Correct
Zambia
100%
Zimbabwe
100%
Vatican City
96%
Turkey
91%
Turkmenistan
91%
Uruguay
91%
Uzbekistan
91%
Vanuatu
91%
Venezuela
91%
Yemen
91%
Tunisia
87%
Uganda
87%
Ukraine
87%
United Kingdom
87%
United States
87%
Vietnam
87%
Tanzania
83%
Thailand
83%
Trinidad and Tobago
83%
Tuvalu
83%
United Arab Emirates
83%
Qatar
78%
Russia
78%
Somalia
78%
South Korea
78%
South Sudan
78%
Spain
78%
Sudan
78%
Sweden
78%
Syria
78%
Taiwan
78%
Tajikistan
78%
Togo
78%
Tonga
78%
Oman
74%
Pakistan
74%
Panama
74%
Paraguay
74%
Peru
74%
Philippines
74%
Poland
74%
Romania
74%
Rwanda
74%
Saint Kitts and Nevis
74%
Saint Lucia
74%
Saint Vincent and the Grenadines
74%
Samoa
74%
San Marino
74%
Sao Tome and Principe
74%
Senegal
74%
Serbia
74%
Seychelles
74%
Singapore
74%
Slovakia
74%
Slovenia
74%
Solomon Islands
74%
South Africa
74%
Sri Lanka
74%
Suriname
74%
Switzerland
74%
Bangladesh
70%
Belarus
70%
Belgium
70%
Benin
70%
Bolivia
70%
Bosnia and Herzegovina
70%
Bulgaria
70%
Cambodia
70%
Cameroon
70%
Canada
70%
Chad
70%
Chile
70%
China
70%
Colombia
70%
Costa Rica
70%
Cuba
70%
Denmark
70%
Ecuador
70%
Egypt
70%
El Salvador
70%
Estonia
70%
Ethiopia
70%
Fiji
70%
Finland
70%
France
70%
Georgia
70%
Germany
70%
Ghana
70%
Guatemala
70%
Guinea
70%
Guinea-Bissau
70%
Guyana
70%
Honduras
70%
Indonesia
70%
Italy
70%
Jamaica
70%
Japan
70%
Malawi
70%
Malaysia
70%
Myanmar
70%
North Korea
70%
North Macedonia
70%
Papua New Guinea
70%
Portugal
70%
Afghanistan
65%
Argentina
65%
Australia
65%
Austria
65%
Bahamas
65%
Bahrain
65%
Barbados
65%
Belize
65%
Botswana
65%
Brazil
65%
Brunei
65%
Burkina Faso
65%
Burundi
65%
Cape Verde
65%
Central African Republic
65%
Comoros
65%
Croatia
65%
Cyprus
65%
Czechia
65%
Democratic Republic of the Congo
65%
Djibouti
65%
Dominica
65%
Dominican Republic
65%
East Timor
65%
Equatorial Guinea
65%
Eritrea
65%
Eswatini
65%
Federated States of Micronesia
65%
Gabon
65%
Gambia
65%
Greece
65%
Grenada
65%
Haiti
65%
Hungary
65%
Iceland
65%
India
65%
Iran
65%
Iraq
65%
Ireland
65%
Israel
65%
Jordan
65%
Kazakhstan
65%
Kenya
65%
Kosovo
65%
Kuwait
65%
Laos
65%
Latvia
65%
Lebanon
65%
Lesotho
65%
Libya
65%
Liechtenstein
65%
Lithuania
65%
Luxembourg
65%
Madagascar
65%
Mexico
65%
Moldova
65%
Mongolia
65%
Montenegro
65%
Mozambique
65%
Namibia
65%
Nepal
65%
Nicaragua
65%
Norway
65%
Palau
65%
Saudi Arabia
65%
Sierra Leone
65%
Albania
61%
Algeria
61%
Andorra
61%
Armenia
61%
Azerbaijan
61%
Ivory Coast
61%
Kiribati
61%
Kyrgyzstan
61%
Liberia
61%
Maldives
61%
Mali
61%
Malta
61%
Marshall Islands
61%
Mauritania
61%
Mauritius
61%
Monaco
61%
Morocco
61%
Nauru
61%
Netherlands
61%
New Zealand
61%
Niger
61%
Nigeria
61%
Republic of the Congo
61%
Angola
57%
Antigua and Barbuda
57%
Bhutan
57%
No matching quizzes found
Score Distribution
Percent of People with Each Score
Percentile by Number Answered
Your Score History
You have not taken this quiz